[Event "Amber-blind 7th"]
[Site "Monte Carlo"]
[Date "1998.03.26"]
[Round "11"]
[White "Ivanchuk, Vassily"]
[Black "Sadler, Matthew"]
[Result "0-1"]
[WhiteElo "2740"]
[BlackElo "2650"]
[PlyCount "80"]
[EventDate "1998.03.13"]
[Source "ChessBase"]
[SourceDate "1998.04.29"]

1. c4 b6 2. d4 e6 3. Nc3 Bb7 4. e4 Bb4 5. Qc2 Qh4 6. d5 Bxc3+ 7. bxc3 Nf6 8. Bd3 Na6 9. Nf3 Qg4 10. O-O Nc5 11. h3 Qg6 12. Ne5 Qh5 13. f4 Nxd3 14. Qxd3 d6 15. Nf3 O-O-O 16. Be3 Rhe8 17. Rae1 Ba6 18. Nd4 exd5 19. exd5 Qxd5 20. Qc2 Bxc4 21. Rf3 c5 22. Nb3 Re7 23. Nc1 Rde8 24. Kh2 Qc6 25. Qf5+ Qd7 26. Qg5 Nd5 27. f5 f6 28. Qg3 Rxe3 29. Rfxe3 Rxe3 30. Rxe3 Nxe3 31. Qxe3 Qxf5 32. Qe8+ Kc7 33. Qe7+ Qd7 34. Qf8 Kb7 35. a3 d5 36. Kg3 d4 37. cxd4 cxd4 38. Qb4 Qc7+ 39. Kh4 Qf4+ 40. g4 Qf2+ 0-1

[Event "Amber-blind 6th"]
[Site "?"]
[Date "1997.??.??"]
[Round "7"]
[White "Lautier Joel"]
[Black "Ivanchuk Vassily"]
[Result "1/2-1/2"]
[WhiteElo "2630"]
[BlackElo "2740"]
[PlyCount "61"]
[EventDate "1997.??.??"]
[Source "www.chesslib.no"]
[SourceDate "2004.05.04"]

1. c4 g6 2. e4 c5 3. Nf3 Bg7 4. d4 Qb6 5. dxc5 Qxc5 6. Be2 d6 7. O-O Nc6 8. Qb3 Qb6 9. Nc3 Qxb3 10. axb3 Nf6 11. h3 O-O 12. Be3 Be6 13. Rfd1 Nd7 14. Ng5 Nc5 15. Nxe6 fxe6 16. Bg4 h5 17. Bxc5 hxg4 18. Be3 gxh3 19. gxh3 a6 20. Kg2 Kh7 21. c5 Rad8 22. cxd6 exd6 23. Rd2 d5 24. exd5 exd5 25. Nxd5 Bxb2 26. Ra4 Bc1 27. Rh4+ Kg8 28. Nf6+ Rxf6 29. Rxd8+ Nxd8 30. Bxc1 Nf7 31. Be3 1/2-1/2

[Event "ch-Euro Blitz"]
[Site "Ajaccio FRA"]
[Date "2007.10.25"]
[Round "12"]
[White "Tkachiev, V."]
[Black "Bauer, Ch"]
[Result "1-0"]
[WhiteElo "2661"]
[BlackElo "2634"]
[PlyCount "133"]
[EventDate "2007.10.25"]
[Source "www.chesslib.no"]
[SourceDate "2004.05.04"]

1. d4 a6 2. Nf3 e6 3. g3 b5 4. Bg2 Bb7 5. O-O Nf6 6. c3 d5 7. a4 b4 8. c4 dxc4 9. Qc2 c5 10. Rd1 Nbd7 11. Bg5 cxd4 12. Qxc4 Bc5 13. Nbd2 Rc8 14. Nb3 Bd5 15. Qd3 Bxb3 16. Qxb3 Qb6 17. a5 Qa7 18. Rac1 O-O 19. Rc4 Ne4 20. Bf4 Nd6 21. Bxd6 Bxd6 22. Rcxd4 Nc5 23. Qe3 Bb8 24. Ne5 Nb3 25. Qxb3 Bxe5 26. Rxb4 Qc5 27. Qa4 g6 28. Rb6 Rb8 29. b4 Qc3 30. Qc6 Qb3 31. Qd7 Rxb6 32. axb6 Qxb4 33. b7 a5 34. Bc6 h5 35. Kg2 h4 36. Qd3 Qb6 37. Qe4 hxg3 38. hxg3 Bc7 39. Rb1 Qc5 40. Ba4 Qd6 41. Rb3 Kg7 42. Rd3 Qe5 43. Qf3 Qf6 44. Qc6 Be5 45. Bb3 Qe7 46. Rd7 Qf6 47. Qxe6 Qxe6 48. Bxe6 a4 49. Ba2 a3 50. Rd5 Bb2 51. Rc5 Rb8 52. Rc7 Kh6 53. Rxf7 Bd4 54. f4 Re8 55. e4 Ba7 56. e5 Rd8 57. g4 Rd2+ 58. Kf3 Rd3+ 59. Ke4 Rd4+ 60. Kf3 Rd3+ 61. Ke2 Rg3 62. e6 Rg2+ 63. Kf3 Rf2+ 64. Kg3 g5 65. fxg5+ Kxg5 66. Rxf2 Bb8+ 67. Kg2 1-0

[Event "SKA"]
[Site "?"]
[Date "1996.??.??"]
[Round "5"]
[White "Andersson Ulf"]
[Black "Miles Anthony J"]
[Result "1/2-1/2"]
[WhiteElo "2630"]
[BlackElo "2635"]
[PlyCount "26"]
[EventDate "1996.??.??"]
[Source "www.chesslib.no"]
[SourceDate "2004.05.04"]

1. d4 Na6 2. e4 c6 3. Nf3 g6 4. c4 d6 5. h3 Bg7 6. Nc3 Nc7 7. Be3 f5 8. Qd2 fxe4 9. Nxe4 Nf6 10. Nc3 O-O 11. a4 b5 12. axb5 cxb5 13. Ra5 Be6 1/2-1/2

[Event "FRA-chT"]
[Site "?"]
[Date "2003.04.03"]
[Round "4.1"]
[White "Bacrot Etienne"]
[Black "Istratescu Andrei"]
[Result "1-0"]
[WhiteElo "2671"]
[BlackElo "2593"]
[PlyCount "69"]
[EventDate "2003.??.??"]
[Source "www.chesslib.no"]
[SourceDate "2004.05.04"]

1. e4 g6 2. d4 Bg7 3. c4 Nc6 4. Nf3 d6 5. d5 Nb8 6. h3 e5 7. g4 c5 8. Nc3 Nf6 9. Be3 O-O 10. Be2 Ne8 11. a3 a5 12. Qd2 Na6 13. O-O-O Bd7 14. Rdg1 f6 15. h4 Rf7 16. Qd1 Nec7 17. g5 f5 18. h5 f4 19. Bd2 Bf8 20. Rh4 Rb8 21. hxg6 hxg6 22. Rgh1 Bg7 23. R1h2 Rf8 24. Qh1 Kf7 25. Rh7 Rh8 26. Rxh8 Bxh8 27. Nb5 Nxb5 28. cxb5 Nc7 29. Rh7+ Bg7 30. Rxg7+ Kxg7 31. Qh6+ Kf7 32. Qh7+ Kf8 33. Nh4 Be8 34. Qh8+ Kf7 35. Nf5 1-0

[Event "ch-SRB"]
[Site "Mataruska Banja SRB"]
[Date "2008.03.26"]
[Round "11"]
[White "Ivanisevic, I."]
[Black "Miladinovic, I."]
[Result "1-0"]
[WhiteElo "2649"]
[BlackElo "2604"]
[PlyCount "109"]
[EventDate "2008.03.15"]
[Source "www.chesslib.no"]
[SourceDate "2004.05.04"]

1. d4 c6 2. Nf3 d6 3. e4 Bg4 4. h3 Bh5 5. Nc3 Nd7 6. g4 Bg6 7. h4 h5 8. g5 e6 9. Qe2 d5 10. exd5 cxd5 11. Nxd5 Qa5+ 12. Nc3 Bb4 13. Bd2 Ne7 14. Qb5 Nc6 15. Qxa5 Bxa5 16. O-O-O Rc8 17. d5 exd5 18. Bh3 d4 19. Nb5 Bc7 20. Rhe1+ Kd8 21. Nxc7 Rxc7 22. Bf4 d3 23. Bxc7+ Kxc7 24. cxd3 Nc5 25. Bf1 Rd8 26. Ne5 Rd4 27. Nf3 Rf4 28. Re3 Nb4 29. Ne5 Nxa2+ 30. Kb1 Nb4 31. Nxg6 fxg6 32. d4 Ne4 33. Bg2 Nd6 34. Re7+ Kd8 35. Re6 Nf5 36. Be4 Nxh4 37. d5 Kd7 38. Bxg6 Nxd5 39. Re4 Nxg6 40. Rxd5+ Kc6 41. Rxf4 Nxf4 42. Rf5 Nd5 43. g6 Ne7 44. Rxh5 Nxg6 45. Rg5 Nf4 46. Rxg7 Nd3 47. Rf7 a5 48. f4 Nc5 49. f5 Kd6 50. Ka2 Nd7 51. Rh7 b6 52. Ka3 Ne5 53. Rh6+ Kd5 54. Ka4 Kc5 55. f6 1-0

[Event "Wijk aan Zee"]
[Site "?"]
[Date "1993.??.??"]
[Round "?"]
[White "Azmaiparashvili, Z."]
[Black "Nunn, J."]
[Result "1/2-1/2"]
[WhiteElo "2655"]
[BlackElo "2580"]
[PlyCount "122"]
[EventDate "1993.??.??"]
[Source "ChessBase"]
[SourceDate "1992.10.01"]

1. c4 g6 2. e4 Bg7 3. d4 d6 4. Be3 Nf6 5. f3 O-O 6. Ne2 c5 7. d5 e6 8. Nec3 exd5 9. cxd5 Ne8 10. Bd3 Nd7 11. Nd2 f5 12. exf5 Ne5 13. Be2 Bxf5 14. O-O Nd3 15. Nde4 Bxe4 16. Nxe4 Nxb2 17. Qc2 c4 18. Rab1 c3 19. Nxc3 Rc8 20. Qxb2 Rxc3 21. Qd2 b6 22. Bb5 Nc7 23. Bc6 Qh4 24. Bf2 Qc4 25. Rbc1 Rf5 26. Rxc3 Bxc3 27. Qc2 Nxd5 28. Ba4 Kg7 29. Bb3 Qb4 30. Rb1 Bd4 31. Bxd5 Bxf2+ 32. Kf1 Qf4 33. Be4 Bc5 34. Bxf5 Qe3 35. Rb3 Qg1+ 36. Ke2 Qxg2+ 37. Kd3 Qxf3+ 38. Kc4 Qxf5 39. Qxf5 gxf5 40. Kd5 Kf6 41. Rh3 Kg6 42. Rg3+ Kf7 43. Rg2 b5 44. h4 a5 45. Rg5 Kf6 46. Rg8 a4 47. Ra8 Kg6 48. Ke6 b4 49. Kd5 b3 50. axb3 axb3 51. Rb8 Kh5 52. Rxb3 Kxh4 53. Rb7 h6 54. Rg7 h5 55. Rg8 Be3 56. Ke6 f4 57. Kd5 f3 58. Ke4 f2 59. Rf8 Bc5 60. Kd3 Kg4 61. Ke2 h4 1/2-1/2

[Event "Degremont GP"]
[Site "Clichy"]
[Date "2004.03.13"]
[Round "2.4"]
[White "Tregubov, Pavel V"]
[Black "Bauer, Christian"]
[Result "1-0"]
[WhiteElo "2628"]
[BlackElo "2599"]
[PlyCount "87"]
[EventDate "2004.03.13"]
[Source "Roberto Alvarez"]
[SourceDate "2004.03.22"]

1. d4 a6 2. e4 e6 3. Bd3 d5 4. Nc3 Nc6 5. Nf3 Nb4 6. Be2 Nf6 7. exd5 Nbxd5 8. Nxd5 exd5 9. O-O Bd6 10. Bg5 h6 11. Bh4 O-O 12. Ne5 Be7 13. Re1 Be6 14. Bd3 Nd7 15. Bg3 Bf6 16. f4 Bxe5 17. dxe5 f5 18. Bf2 c5 19. c3 b6 20. Qc2 Qe7 21. Rad1 b5 22. h3 Rac8 23. a4 c4 24. Be2 Nc5 25. Bxc5 Qxc5+ 26. Kh2 b4 27. Bf3 Rcd8 28. Qd2 a5 29. Qd4 Qc6 30. b3 cxb3 31. cxb4 Qxa4 32. Qb6 Rfe8 33. Qxa5 Qxa5 34. bxa5 Ra8 35. Ra1 Reb8 36. Reb1 Rb4 37. Ra3 b2 38. Ra2 d4 39. Raxb2 Rxb2 40. Rxb2 Rxa5 41. Rb8+ Kh7 42. Rd8 Ra4 43. Rd6 Bf7 44. g4 1-0

[Event "Groningen"]
[Site "Groningen"]
[Date "1992.??.??"]
[Round "9"]
[White "Hansen, Curt"]
[Black "Rozentalis, Eduardas"]
[Result "1/2-1/2"]
[WhiteElo "2635"]
[BlackElo "2590"]
[PlyCount "48"]
[EventDate "1992.12.??"]
[Source "ChessBase"]

1. c4 e6 2. Nc3 b6 3. d4 Bb7 4. Qc2 Bb4 5. a3 Bxc3+ 6. Qxc3 d6 7. Qg3 Qf6 8. e3 Qg6 9. f3 Ne7 10. Qxg6 hxg6 11. Bd3 c5 12. dxc5 dxc5 13. Bd2 Nd7 14. Bc3 f6 15. Ne2 Rd8 16. Rd1 Kf7 17. Kf2 Nc6 18. Be4 f5 19. Bxc6 Bxc6 20. b3 Nf6 21. Nf4 b5 22. Nd3 Nd7 23. Rd2 bxc4 24. bxc4 Rb8 1/2-1/2

[Event "Europa ch 2008"]
[Site "Plovdiv BUL"]
[Date "2008.05.02"]
[Round "11.50"]
[White "Tomashevsky, Evgeny"]
[Black "Nevednichy, Vladislav"]
[Result "1/2-1/2"]
[WhiteElo "2658"]
[BlackElo "2558"]
[PlyCount "55"]
[EventDate "2008.04.21"]
[Source "www.chesslib.no"]
[SourceDate "2004.05.04"]

1. Nf3 g6 2. d4 Bg7 3. c4 c5 4. e4 Qb6 5. dxc5 Qxc5 6. Be2 d6 7. O-O Nc6 8. h3 Be6 9. Nbd2 Qb6 10. Nb3 Nf6 11. Be3 Qc7 12. Bd3 O-O 13. Rc1 Nd7 14. Nfd4 Nxd4 15. Nxd4 Nc5 16. b3 Bd7 17. Qd2 a5 18. Nb5 Qb6 19. Rfd1 Rfc8 20. Qe2 Qd8 21. Nc3 b6 22. Nd5 e6 23. Nc3 Qe7 24. Nb5 Rd8 25. Rd2 Bc6 26. Rcd1 Rd7 27. Qg4 Rad8 28. Bg5 1/2-1/2

[Event "New York op"]
[Site "New York"]
[Date "1998.03.18"]
[Round "5"]
[White "Chernin, Alexander"]
[Black "Kharlov, Andrei"]
[Result "1/2-1/2"]
[WhiteElo "2645"]
[BlackElo "2560"]
[PlyCount "111"]
[EventDate "1998.03.16"]
[Source "ChessBase"]
[SourceDate "1998.06.15"]

1. c4 b6 2. d4 e6 3. a3 Bb7 4. Nc3 f5 5. d5 Nf6 6. g3 g6 7. Bg2 Bg7 8. Nf3 Na6 9. Rb1 Nc5 10. Nd2 Ng4 11. Qc2 Bd4 12. Nd1 exd5 13. Bxd5 Qe7 14. b4 c6 15. Bg2 Ne6 16. Nb3 Bg7 17. h3 Ne5 18. O-O O-O 19. f4 Nf7 20. Bb2 d5 21. Bxg7 Nxg7 22. cxd5 cxd5 23. Nc3 Qe3+ 24. Kh2 Rac8 25. Rf3 Qe7 26. Rd3 Nh5 27. Qd2 Nf6 28. Nxd5 Bxd5 29. Bxd5 Nxd5 30. Rxd5 Rfe8 31. Rb2 Qe3 32. Qxe3 Rxe3 33. Nd4 Rxa3 34. b5 Rc7 35. Rd2 h5 36. Kg2 a5 37. bxa6 Rxa6 38. Nf3 Ra5 39. R5d3 Rac5 40. Re3 Rc2 41. Rxc2 Rxc2 42. Re6 Kg7 43. Kf2 Rb2 44. Rc6 Rb4 45. Re6 Nd8 46. Re7+ Kf6 47. Rc7 Nf7 48. Kg2 Rb2 49. Rc6+ Kg7 50. Nd4 Rd2 51. Ne6+ Kg8 52. Kf2 Rd6 53. Rc8+ Kh7 54. Re8 b5 55. Re7 Kg8 56. Re8+ 1/2-1/2

[Event "New York op"]
[Site "New York"]
[Date "1997.??.??"]
[Round "?"]
[White "Gulko, Boris F"]
[Black "Zvjaginsev, Vadim"]
[Result "0-1"]
[WhiteElo "2595"]
[BlackElo "2610"]
[PlyCount "102"]
[EventDate "1997.04.02"]
[Source "ChessBase"]

1. c4 e6 2. Nc3 b6 3. d4 Bb4 4. Bd2 Nf6 5. e4 Bb7 6. f3 Nh5 7. Nh3 f5 8. a3 Bxc3 9. Bxc3 fxe4 10. fxe4 Qh4+ 11. Nf2 O-O 12. g3 Qf6 13. Qe2 Nc6 14. O-O-O Qxf2 15. Qxh5 Qe3+ 16. Kb1 Nb4 17. d5 Qxe4+ 18. Ka1 Rf5 19. Qe2 Nc2+ 20. Ka2 Qxe2 21. Bxe2 Ne3 22. Rd2 exd5 23. Re1 Rf2 24. Bd3 Rxd2 25. Bxd2 d4 26. Bxe3 dxe3 27. Rxe3 Kf7 28. h4 g6 29. Be4 Bxe4 30. Rxe4 Re8 31. Rf4+ Kg7 32. g4 h6 33. c5 bxc5 34. Ra4 Ra8 35. Ra6 c4 36. Kb1 c6 37. Ra4 Kf6 38. Rxc4 Ke5 39. Kc2 Rc8 40. Ra4 Rc7 41. Kd3 d5 42. Ke3 g5 43. h5 Rf7 44. b4 d4+ 45. Kd3 Kf4 46. b5 c5 47. Ra6 Rb7 48. Kc4 Rb6 49. Rxa7 Rd6 50. Kxc5 Rd8 51. Rf7+ Kxg4 0-1

[Event "Julian Borowski-A 4th"]
[Site "?"]
[Date "2002.05.25"]
[Round "9"]
[White "Luther Thomas"]
[Black "Dautov Rustem"]
[Result "1/2-1/2"]
[WhiteElo "2566"]
[BlackElo "2636"]
[PlyCount "56"]
[EventDate "2002.??.??"]
[Source "www.chesslib.no"]
[SourceDate "2004.05.04"]

1. e4 c5 2. Nf3 g6 3. d4 Bg7 4. c4 Qb6 5. dxc5 Qxc5 6. Be2 d6 7. O-O Nc6 8. a3 Bg4 9. b4 Qb6 10. Be3 Qd8 11. Ra2 Nf6 12. Nc3 O-O 13. Qb3 a5 14. Rd2 axb4 15. axb4 Qb8 16. h3 Bxf3 17. Bxf3 Rd8 18. Rfd1 Ne8 19. Bb6 Rc8 20. Bg4 e6 21. Nb5 Ra1 22. Rxa1 Bxa1 23. Be2 Bg7 24. Rd1 Bf8 25. Qc3 Qa8 26. Ra1 Qb8 27. Rd1 Qa8 28. Ra1 Qb8 1/2-1/2

[Event "Mitropa Cup 2008"]
[Site "Olbia ITA"]
[Date "2008.05.27"]
[Round "3.1"]
[White "Caruana, Fabiano"]
[Black "Erdos, Viktor"]
[Result "1/2-1/2"]
[WhiteElo "2620"]
[BlackElo "2576"]
[PlyCount "22"]
[EventDate "2008.05.25"]
[Source "www.chesslib.no"]
[SourceDate "2004.05.04"]

1. c4 b6 2. Nc3 e6 3. e4 Bb7 4. d4 Bb4 5. Bd3 f5 6. Qh5+ g6 7. Qe2 Nf6 8. Bg5 fxe4 9. Bxe4 Bxe4 10. Bxf6 Qxf6 11. Qxe4 O-O 1/2-1/2

[Event "Mind Sports Games - Blitz Team"]
[Site "Pechino CINA"]
[Date "2008.10.13"]
[Round "11"]
[White "Korobov, A."]
[Black "Fier, A."]
[Result "1-0"]
[WhiteElo "2605"]
[BlackElo "2581"]
[PlyCount "51"]
[EventDate "2008.10.13"]
[Source "www.chesslib.no"]
[SourceDate "2004.05.04"]

1. d4 c6 2. c4 b5 3. c5 d6 4. cxd6 exd6 5. e4 Nf6 6. Bd3 Be7 7. Ne2 O-O 8. O-O Re8 9. f4 d5 10. e5 Ne4 11. Nbc3 f5 12. g4 b4 13. Na4 Rf8 14. Ng3 g6 15. gxf5 gxf5 16. Kh1 Kh8 17. Be3 Be6 18. Rg1 Nd7 19. Rc1 Rc8 20. Qh5 Nxg3+ 21. Rxg3 Qe8 22. Qh6 Qf7 23. Be2 Bd8 24. Rcg1 Nf6 25. Rg7 Rc7 26. exf6 1-0

[Event "Manila"]
[Site "Manila PHI"]
[Date "1973.10.18"]
[Round "2"]
[White "Larsen, Bent"]
[Black "Gheorghiu, Florin"]
[Result "1/2-1/2"]
[WhiteElo "2620"]
[BlackElo "2550"]
[PlyCount "91"]
[EventDate "1973.10.??"]
[Source "www.chesslib.no"]
[SourceDate "2004.05.04"]

1. c4 g6 2. Nf3 Bg7 3. d4 c5 4. e4 Qa5+ 5. Bd2 Qb6 6. Bc3 cxd4 7. Bxd4 Bxd4 8. Qxd4 Qxd4 9. Nxd4 Nc6 10. Nb5 Rb8 11. N1c3 Nf6 12. Rd1 d6 13. Be2 a6 14. Nc7+ Kf8 15. O-O Kg7 16. h3 Be6 17. f4 Rhc8 18. N7d5 Nd7 19. Rd2 f6 20. Kh2 Kf8 21. Rfd1 Na7 22. b3 b5 23. Ne3 b4 24. Na4 Nc5 25. Nxc5 Rxc5 26. Bg4 Bf7 27. Nc2 Nc6 28. Ne1 Na5 29. Nd3 Rc7 30. e5 dxe5 31. fxe5 f5 32. Bf3 g5 33. g4 f4 34. h4 h6 35. hxg5 hxg5 36. Nf2 Nc6 37. Bxc6 Rxc6 38. Rd8+ Rxd8 39. Rxd8+ Kg7 40. Nd3 a5 41. Rd7 Kf8 42. Rd8+ Kg7 43. Kg1 Bg6 44. Ne1 Rc5 45. Nf3 Bb1 46. Rd2 1/2-1/2

[Event "Elista (ol) 73/57"]
[Site "?"]
[Date "1998.??.??"]
[Round "?"]
[White "Zagorskis, Darius"]
[Black "Sadler, Matthew"]
[Result "0-1"]
[WhiteElo "2510"]
[BlackElo "2660"]
[PlyCount "64"]
[EventDate "1998.??.??"]
[Source "ChessBase"]
[SourceDate "1998.06.01"]

1. c4 b6 2. d4 Bb7 3. Bg5 Nf6 4. Bxf6 exf6 5. e3 f5 6. Nf3 g6 7. Nc3 Bg7 8. Be2 d6 9. O-O Nd7 10. Qc2 O-O 11. Rfd1 Re8 12. Rac1 a6 13. b4 Nf6 14. Nd2 Ng4 15. h3 Nxf2 16. Kxf2 Qh4+ 17. Kf1 Rxe3 18. Nf3 Qf4 19. Nd5 Bxd5 20. cxd5 Rae8 21. Bxa6 Rxf3+ 22. gxf3 Re3 23. Be2 Qh2 24. Qd2 Bh6 25. Qe1 Qh1+ 26. Kf2 Qh2+ 27. Kf1 Qxh3+ 28. Kg1 Re4 29. Rc3 Rh4 30. f4 Qh1+ 31. Kf2 Rh2+ 32. Ke3 Qe4+ 0-1

[Event "Bad Godesberg"]
[Site "?"]
[Date "1996.??.??"]
[Round "?"]
[White "Gurevich, M."]
[Black "Kengis, E."]
[Result "1/2-1/2"]
[WhiteElo "2605"]
[BlackElo "2560"]
[PlyCount "62"]
[EventDate "1996.??.??"]
[Source "ChessBase"]
[SourceDate "1996.06.01"]

1. c4 b6 2. d4 Bb7 3. Nc3 e6 4. a3 f5 5. d5 Nf6 6. g3 Na6 7. Bg2 Nc5 8. Nh3 Bd6 9. O-O Be5 10. Qc2 O-O 11. Bd2 exd5 12. Nxd5 Nxd5 13. cxd5 Qf6 14. Bg5 Qf7 15. Bf4 Bxf4 16. Nxf4 g5 17. Nh3 h6 18. b4 Ne4 19. Qxc7 Bxd5 20. Rad1 Qe6 21. Qc1 Rac8 22. Qe3 Nc3 23. Bxd5 Nxd5 24. Qd3 Nc3 25. Rd2 Rfe8 26. Re1 Ne4 27. Rc2 f4 28. Rxc8 Rxc8 29. f3 Qxh3 30. Qxe4 fxg3 31. Qg6+ Kh8 1/2-1/2

[Event "Calviá ol (Men)"]
[Site "Mallorca"]
[Date "2004.10.24"]
[Round "9.7"]
[White "Bu Xiangzhi"]
[Black "Sermek, Drazen"]
[Result "0-1"]
[WhiteElo "2615"]
[BlackElo "2547"]
[PlyCount "88"]
[EventDate "2004.10.15"]
[Source "Roberto Alvarez"]
[SourceDate "2004.10.25"]

1. Nf3 c5 2. c4 g6 3. d4 Bg7 4. d5 b5 5. cxb5 a6 6. b6 Qxb6 7. Nc3 d6 8. Nd2 Nd7 9. e4 Ngf6 10. Be2 Qc7 11. O-O O-O 12. a4 a5 13. Nc4 Nb6 14. Na3 Ba6 15. Bxa6 Rxa6 16. Bg5 Qd7 17. Rc1 Ne8 18. b3 Nc7 19. Qd2 Rb8 20. Bh6 Bh8 21. Ncb5 Nxb5 22. Nxb5 Nc8 23. Qc2 Rab6 24. Rb1 Rxb5 25. axb5 Na7 26. b6 Nb5 27. Qd2 Bc3 28. Qd3 Rxb6 29. Kh1 Bf6 30. f4 Nd4 31. Rbe1 Bg7 32. Bxg7 Kxg7 33. Qc3 Qb5 34. f5 f6 35. fxg6 hxg6 36. Qh3 Qxb3 37. Qc8 Qb5 38. Qd8 Rb7 39. e5 dxe5 40. d6 Nc6 41. dxe7 Rxe7 42. Qd6 Rf7 43. Rf3 Nd4 44. Rh3 Rd7 0-1

[Event "It (Open) Calvia ESP"]
[Site "?"]
[Date "2005.10.22"]
[Round "3"]
[White "Suba Mihail"]
[Black "Bauer Christian"]
[Result "1-0"]
[WhiteElo "2520"]
[BlackElo "2641"]
[PlyCount "99"]
[EventDate "2005.??.??"]
[Source "www.chesslib.no"]
[SourceDate "2004.05.04"]

1. c4 b6 2. d4 Bb7 3. Nc3 e6 4. a3 f5 5. d5 Nf6 6. Nf3 Na6 7. b4 g6 8. Bb2 Bg7 9. Qb3 O-O 10. e3 c5 11. dxc6 Bxc6 12. Be2 Nc7 13. O-O f4 14. Rad1 fxe3 15. fxe3 Ng4 16. Bc1 Bh6 17. Nb5 Nxb5 18. h3 Nf6 19. Ne5 Bxg2 20. Kxg2 Nc7 21. Bb2 Bg7 22. Rf4 Qe7 23. Bf3 Rad8 24. Kh1 b5 25. cxb5 Nxb5 26. Qd3 Nc7 27. Rg1 Ncd5 28. Rc4 d6 29. Nc6 Qf7 30. Nxd8 Rxd8 31. Rf1 Qe7 32. Rc6 Nb6 33. Rc2 d5 34. Bg2 Nh5 35. Kg1 Bxb2 36. Rxb2 Ng3 37. Rd1 Nc4 38. Rc2 Rf8 39. e4 Qg5 40. exd5 Ne5 41. Qd2 Qf5 42. dxe6 Nf3+ 43. Bxf3 Qxf3 44. Qd5 Qe3+ 45. Kg2 Re8 46. e7+ Kg7 47. Qd4+ Qxd4 48. Rxd4 Nf5 49. Re4 Nd6 50. Re1 1-0

[Event "RUS-ch"]
[Site "Elista"]
[Date "1996.??.??"]
[Round "5"]
[White "Shchekachev, Andrei"]
[Black "Zvjaginsev, Vadim"]
[Result "1/2-1/2"]
[WhiteElo "2560"]
[BlackElo "2590"]
[PlyCount "35"]
[EventDate "1996.10.15"]
[Source "ChessBase"]

1. c4 b6 2. Nc3 Bb7 3. d4 e6 4. a3 Nf6 5. Bf4 g6 6. Nf3 Bg7 7. e3 O-O 8. Be2 d6 9. h3 Nbd7 10. O-O Ne4 11. Nxe4 Bxe4 12. Rc1 a5 13. Qa4 e5 14. Bg3 exd4 15. exd4 Nf6 16. Bf4 Qd7 17. Qd1 Rae8 18. b4 1/2-1/2

[Event "Bad Godesberg"]
[Site "?"]
[Date "1995.??.??"]
[Round "?"]
[White "Gurevich, M."]
[Black "Kengis, E."]
[Result "1-0"]
[WhiteElo "2585"]
[BlackElo "2565"]
[PlyCount "121"]
[EventDate "1995.??.??"]
[Source "ChessBase"]
[SourceDate "1995.06.01"]

1. c4 b6 2. d4 Bb7 3. Nc3 e6 4. a3 f5 5. Nf3 Nf6 6. g3 Ne4 7. Bd2 Be7 8. Bg2 Bf6 9. Rc1 Nc6 10. Be3 O-O 11. O-O Ne7 12. Nxe4 Bxe4 13. Qd2 Rb8 14. Bg5 Bxg5 15. Nxg5 Bxg2 16. Kxg2 b5 17. c5 Nd5 18. Nf3 f4 19. Qd3 b4 20. a4 Qe8 21. Ne5 d6 22. cxd6 cxd6 23. Nf3 Qh5 24. Qe4 Rf6 25. Rc6 Rbf8 26. Rxd6 Rh6 27. h4 Rg6 28. Rxe6 fxg3 29. Re5 gxf2+ 30. Kxf2 Nf6 31. Qd5+ Nxd5 32. Rxh5 Nf6 33. Rb5 Ng4+ 34. Ke1 Ne3 35. Rf2 Nc2+ 36. Kd2 Nxd4 37. Rxb4 Rd6 38. Kc3 Nxe2+ 39. Rxe2 Rxf3+ 40. Kc2 h5 41. Re5 Rc6+ 42. Kb1 g6 43. Re7 a6 44. Rb8+ Rf8 45. Rbb7 Rf4 46. a5 Rc5 47. b4 Rcc4 48. Re8+ Rf8 49. Rxf8+ Kxf8 50. b5 axb5 51. a6 Rxh4 52. a7 Ra4 53. Rb8+ Kg7 54. a8=Q Rxa8 55. Rxa8 h4 56. Kc2 g5 57. Kd3 h3 58. Ke4 g4 59. Kf4 h2 60. Ra1 Kf6 61. Rh1 1-0

[Event "CERA Bank op"]
[Site "?"]
[Date "1998.??.??"]
[Round "?"]
[White "Chernin Alexander"]
[Black "Markowski Tomasz"]
[Result "1/2-1/2"]
[WhiteElo "2645"]
[BlackElo "2505"]
[PlyCount "88"]
[EventDate "1998.??.??"]
[Source "www.chesslib.no"]
[SourceDate "2004.05.04"]

1. c4 c5 2. Nf3 g6 3. e4 Bg7 4. d4 Qb6 5. dxc5 Qxc5 6. Be2 d6 7. O-O Nc6 8. a3 Bg4 9. Be3 Qa5 10. Bd2 Qd8 11. Nc3 Nf6 12. Be3 O-O 13. Rc1 Nd7 14. h3 Bxf3 15. Bxf3 Rc8 16. Be2 Nc5 17. f3 Ne6 18. Kh1 Ned4 19. f4 a6 20. Bg4 e6 21. Rf2 h5 22. Be2 Qh4 23. Kh2 Nxe2 24. Rxe2 Na5 25. b3 b5 26. g3 Qe7 27. Bb6 Nb7 28. Bd4 bxc4 29. Bxg7 Kxg7 30. b4 Qf6 31. h4 Rfd8 32. Rd2 a5 33. Qg1 axb4 34. axb4 Ra8 35. Qb6 Ra3 36. Rdc2 Qe7 37. Nb5 Rd3 38. Rxc4 d5 39. Rc7 Qxb4 40. Qxb7 Rd2+ 41. Kh3 Rf8 42. Nc3 Qd4 43. Qa7 Qd3 44. Qa1 d4 1/2-1/2

[Event "Deutschland 74/53"]
[Site "?"]
[Date "1998.??.??"]
[Round "?"]
[White "Enders, Peter"]
[Black "Sadler, Matthew"]
[Result "0-1"]
[WhiteElo "2485"]
[BlackElo "2660"]
[PlyCount "82"]
[EventDate "1998.??.??"]
[Source "ChessBase"]
[SourceDate "1998.10.01"]

1. e4 Nc6 2. d4 e5 3. d5 Nce7 4. c4 Ng6 5. Nc3 Bb4 6. Nge2 a5 7. Be3 d6 8. a3 Bc5 9. Bxc5 dxc5 10. g3 Nh6 11. Bg2 O-O 12. O-O f5 13. Rb1 f4 14. f3 Nf7 15. Qc1 Ng5 16. b3 h5 17. Rf2 Qe7 18. Qb2 Ra6 19. gxf4 exf4 20. Qd2 Ne5 21. Kh1 h4 22. Ng1 h3 23. Bf1 Rg6 24. Rd1 b6 25. Nb5 Ng4 26. fxg4 Qxe4+ 27. Nf3 Bxg4 28. Be2 Bxf3+ 29. Bxf3 Nxf3 30. Qe2 Qxe2 31. Rxe2 Nd4 32. Nxd4 cxd4 33. Rxd4 f3 34. Rf2 Re8 35. Rd1 Re3 36. Rdf1 Rf6 37. Rb1 Rg6 38. Rbf1 Rf6 39. Rb1 Rf4 40. Kg1 a4 41. Rfb2 Rg4+ 0-1

[Event "Zuerich Open 26th"]
[Site "?"]
[Date "2002.12.29"]
[Round "6"]
[White "Pelletier Yannick"]
[Black "Pavlovic Milos"]
[Result "1-0"]
[WhiteElo "2587"]
[BlackElo "2549"]
[PlyCount "46"]
[EventDate "2002.??.??"]
[Source "www.chesslib.no"]
[SourceDate "2004.05.04"]

1. c4 c5 2. Nf3 g6 3. d4 Bg7 4. e4 d6 5. Be2 Bg4 6. d5 Nf6 7. Nc3 Bxf3 8. Bxf3 Nbd7 9. O-O O-O 10. Bg5 a6 11. Be2 Re8 12. f4 Qb6 13. Qd2 e6 14. e5 dxe5 15. fxe5 Nh5 16. g4 Nxe5 17. gxh5 Qb4 18. h6 Nxc4 19. Bxc4 Bd4+ 20. Be3 Qxc4 21. Bxd4 Qxd4+ 22. Qxd4 cxd4 23. Ne4 Red8 1-0

[Event "Linares Anibal op 3rd"]
[Site "Linares"]
[Date "1996.??.??"]
[Round "?"]
[White "Hodgson, Julian M"]
[Black "Bischoff, Klaus"]
[Result "0-1"]
[WhiteElo "2615"]
[BlackElo "2520"]
[PlyCount "52"]
[EventDate "1996.01.??"]
[Source "ChessBase"]

1. c4 b6 2. d4 e6 3. e4 Bb7 4. Nc3 Bb4 5. f3 Ne7 6. Bd3 Nbc6 7. Nge2 Bxc3+ 8. bxc3 d6 9. O-O Qd7 10. f4 Na5 11. f5 exf5 12. exf5 O-O-O 13. d5 Ba6 14. c5 Bxd3 15. c6 Qe8 16. Qxd3 Nxd5 17. Qxd5 Qxe2 18. Qxf7 Rhf8 19. Qd5 Rde8 20. Bf4 Qe4 21. Qxe4 Rxe4 22. g4 Nxc6 23. Kg2 Rc4 24. Rf3 h5 25. h3 hxg4 26. hxg4 g6 0-1

[Event "Hastings 7273"]
[Site "Hastings ENG"]
[Date "1972.??.??"]
[Round "1"]
[White "Andersson, Ulf"]
[Black "Hort, Vlastimil"]
[Result "1/2-1/2"]
[WhiteElo "2535"]
[BlackElo "2600"]
[PlyCount "47"]
[EventDate "1972.12.??"]
[Source "www.chesslib.no"]
[SourceDate "2004.05.04"]

1. c4 g6 2. e4 c5 3. Nf3 Nc6 4. d4 Bg7 5. d5 Nd4 6. Nxd4 cxd4 7. Nd2 d6 8. Be2 Nf6 9. O-O e5 10. dxe6 fxe6 11. f4 O-O 12. e5 d3 13. exf6 dxe2 14. Qxe2 Qxf6 15. Kh1 e5 16. Ne4 Qe7 17. Nc3 Be6 18. Bd2 Rae8 19. Rae1 Qc7 20. b3 exf4 21. Nb5 Qc6 22. Rxf4 Bf5 23. Qf1 Be4 24. Rxf8+ 1/2-1/2